Paul Cézanne: 1839-1906, precursor de la modernidad

Shranjeno v:
Bibliografske podrobnosti
Glavni avtor: Becks-Malorny, Ulrike (Author)
Format: Knjiga
Jezik:španščina
Izdano: Colonia Taschen 2001
Teme:
Oznake: Označite
Brez oznak, prvi označite!

MARC

LEADER 00000nam a2200000 a 4500
001 UCM8438
003 CL-VaPUC
008 030314e20010000GW |||||||||||||||||spa|d
020 |a 3822858412 
082 0 4 |a 759.4  |b BEC  |2 21 
100 0 |a Becks-Malorny, Ulrike  |e author  |9 474492 
245 1 0 |a Paul Cézanne: 1839-1906, precursor de la modernidad 
300 |a 95 p 
942 |c BK 
945 |d 20030314 00:00:00  |a vberengu 
260 |a Colonia  |b Taschen  |c 2001 
600 0 7 |a CEZANNE, PAUL  |2 CL-VaPUC  |9 267026 
650 0 |a Pintura francesa  |9 266122 
650 0 |a Arte moderno  |9 265333 
650 0 |a Pintores franceses   |9 340354 
583 |a last modification  |c 20030314 00:00:00  |k Rodrigo Vera 
999 |c 302947  |d 302945 
952 |0 0  |1 0  |4 0  |6 759_400000000000000_BEC_2001  |7 0  |8 A  |9 363798  |a BIBHIS  |b BIBHIS  |d 2019-11-21  |i 414502K  |o 759.4 BEC 2001  |p 414502K  |r 2025-01-20  |w 2019-11-21  |y BK  |k HIS